| 000 | 00598nam a2200169 a 4500 | ||
|---|---|---|---|
| 008 | 120210s2005 ||||||||||||||||| || u | ||
| 020 | _a1840466278 | ||
| 050 | _aB 3317 Gan | ||
| 100 | _aGane, Laurence | ||
| 245 | 1 | 0 |
_aIntroducing Nietzsche _cby Laurence Gane |
| 260 |
_aLondon: _bIcon Books _c2005 |
||
| 300 | _a175p.: ill. | ||
| 350 | _a0.00 | ||
| 650 | _aPHILOSOPHY | ||
| 650 | _aNIETZSCHE, FRIEDRICH WILHELM, 1844-1900 | ||
| 995 |
_D0.00 _FCBU-MAIN LIBRARY (Kitwe) _H1 _I0.00 _M1 _UAVAILABLE _WApr 13, 2012 _ZMain Library Open Access Collection |
||
| 999 |
_c47570 _d47570 |
||